000 00292nam a22001337a 4500
008 170406b xxu||||| |||| 00| 0 eng d
020 _a9780071440912
041 _aeng
080 _a611.089
100 _a9
101 _ashm
245 _abasic histology
_cjunqueira, l.c
942 _2udc
_cBK
999 _c10044
_d10044